Cities in New Jersey - Sudden Death - Statistics

General Stats
  • This quiz has been taken 107 times
  • The average score is 9 of 20
Answers on the Grid
Answers color-coded by a green-red scale on the quiz's grid according to % correct below.
Newark
Yorktown
Egg Harbor City
Somers Point
Ventnor City
Chesterville
Garfield
Bridgeton
New Rochelle
Asbury Park
Hackensack
Atlantic City
Seaford
Pleasantville
Jersey City
Newtown
Trenton
West Nyack
East Orange
Linwood
Lewiston
Corbin City
Brockton
Wildwood
Plainfield
Vineland
Newport
Deerfield Beach
Millville
Milton
Paterson
Fall River
 
Answer Stats
Answer % Correct
Newark
98%
Atlantic City
70%
Jersey City
67%
Trenton
67%
Hackensack
61%
Asbury Park
54%
East Orange
54%
Paterson
54%
Plainfield
47%
Garfield
42%
Wildwood
42%
Egg Harbor City
40%
Vineland
39%
Millville
37%
Bridgeton
28%
Pleasantville
28%
Somers Point
28%
Ventnor City
28%
Linwood
23%
Corbin City
11%
No matching quizzes found
Score Distribution
Percent of People with Each Score
Percentile by Number Answered
Your Score History
You have not taken this quiz